000 00487nam a2200157Ia 4500
003 GCL
008 140319s9999 xx 000 0 ara d
040 _aGCL /
_cGCL
082 0 4 _a229.4
_bع د
100 1 _aسمير محمد علوان
245 1 0 _aدعاء الرسول صلى الله عليه وسلم /
_cسمير محمد علوان
700 1 _aعبدالله حجاج
260 _a[S.N] :
_bمكتبة التراث الاسلامى ،
_c1991
300 _a184ص
490 _a
999 _c52864
_d52864